000
00253nam a22001217a 4500
008
170512b xxu||||| |||| 00| 0 eng d
041
_a
eng
080
_a
94
100
_a
16
101
_a
SHH
245
_a
THE REFORMATION
_c
DURANT ,W
942
_2
udc
_c
BK
999
_c
13276
_d
13276